Modely a metódy pre analýzu výmenného kurzu dizertačná práca

Uložené v:
Podrobná bibliografia
Hlavný autor: Chocholatá, Michaela, 1977-
Korporativný autor: Fakulta hospodárskej informatiky EU. Katedra operačného výskumu a ekonometrie
Ďalší autori: Ivaničová, Zlatica
Médium: Kniha
Jazyk:Slovak
Vydavateľské údaje: Bratislava 2005
Predmet:
Tagy: Pridať tag
Žiadne tagy, Buďte prvý, kto otaguje tento záznam!

MARC

LEADER 00000nam$a2200000$$$4500
001 0038358
005 20230224101506.5
041 0 |a slo 
044 |a SK 
245 1 0 |a Modely a metódy pre analýzu výmenného kurzu  |b dizertačná práca  |c Michaela Chocholatá ; školiteľ: Zlatica Ivaničová 
264 1 |a Bratislava  |c 2005 
300 |a 154 s. 
610 2 0 |a kurz výmenný 
610 2 0 |a analýzy 
610 2 0 |a modely 
610 2 0 |a metódy 
610 2 0 |a volatilita 
100 1 |a Chocholatá, Michaela, 1977- 
700 1 |a Ivaničová, Zlatica 
710 2 |a Fakulta hospodárskej informatiky EU. Katedra operačného výskumu a ekonometrie